Sécurité des réseaux et systèmes répartis (Record no. 56721)

MARC details
000 -LEADER
fixed length control field 00677nam a22002057a 4500
005 - DATE AND TIME OF LATEST TRANSACTION
control field 20170717104043.0
008 - FIXED-LENGTH DATA ELEMENTS--GENERAL INFORMATION
fixed length control field 170717b xxu||||| |||| 00| 0 eng d
020 ## - INTERNATIONAL STANDARD BOOK NUMBER
International Standard Book Number 2-7462-0770-2
040 ## - CATALOGING SOURCE
Original cataloging agency BUAC
Transcribing agency BUC
100 ## - MAIN ENTRY--PERSONAL NAME
Personal name Deswarte, Yves
245 ## - TITLE STATEMENT
Title Sécurité des réseaux et systèmes répartis
Statement of responsibility, etc / par dir. Yves Deswarte, Ludovic Mé
260 ## - PUBLICATION, DISTRIBUTION, ETC. (IMPRINT)
Place of publication, distribution, etc Paris :
Name of publisher, distributor, etc Lavoisier,
Date of publication, distribution, etc 2002
300 ## - PHYSICAL DESCRIPTION
Extent 266 p.
Dimensions ; 24 cm
440 ## - SERIES STATEMENT/ADDED ENTRY--TITLE
Title (Reseau et Telecoms)
Number of part/section of a work (Information-commande-communication)
500 ## - GENERAL NOTE
General note Bibliogr. à la fin de chaque chapitre<br/>Index pp. (265-266)
630 ## - SUBJECT ADDED ENTRY--UNIFORM TITLE
Uniform title SCIENCES APPLIQUEES
650 ## - SUBJECT ADDED ENTRY--TOPICAL TERM
Topical term or geographic name as entry element réseau : sécurité
700 ## - ADDED ENTRY--PERSONAL NAME
Personal name Mé, Ludovic
942 ## - ADDED ENTRY ELEMENTS (KOHA)
Item type Libre Accès
Holdings
Withdrawn status Lost status Damaged status Not for loan Location (home branch) Sublocation or collection (holding branch) Shelving location Date acquired Source of acquisition Coded location qualifier Koha issues (times borrowed) Koha full call number Piece designation (barcode) Koha date last seen Copy number Price effective from Koha item type
        Bibliothèque Universitaire Centrale Bibliothèque Universitaire Centrale   17/07/2017 Don ARES 17/264   621.39 DES 17-264Buc 17/07/2017 01 17/07/2017 Libre Accès


© 2008, Bibliothèques de l'Université d'Abomey-Calavi

04 BP 789 Cotonou, Tél. : +229 21 36 01 01, Fax : +229 21 35 06 32

Courriel : bu@bu.uac.bj